|
|
|
|
| LEADER |
00000nam0a2200000 4500 |
| 001 |
211145 |
| 005 |
20231101225647.0 |
| 010 |
|
|
|a 9785991616560
|
| 035 |
|
|
|a (RuTPU)RU\TPU\book\230626
|
| 090 |
|
|
|a 211145
|
| 100 |
|
|
|a 20120311d2012 m y0rusy50 ca
|
| 101 |
0 |
|
|a rus
|
| 102 |
|
|
|a RU
|
| 105 |
|
|
|a y j 001zy
|
| 200 |
1 |
|
|a Теория коммуникации
|e учебник для бакалавров
|f М. Ю. Коноваленко, В. А. Коноваленко
|g Российский государственный торгово-экономический университет (РГТЭУ)
|
| 210 |
|
|
|a Москва
|c Юрайт
|d 2012
|
| 215 |
|
|
|a 415 с.
|
| 225 |
1 |
|
|a Бакалавр
|
| 320 |
|
|
|a Глоссарий: с. 401-409.
|
| 320 |
|
|
|a Библиогр.: с. 410-415.
|
| 330 |
|
|
|a В книге раскрыты основные теории и концепции в сфере информации, коммуникации и формирования общественного мнения. Рассмотрены связи теории коммуникации с семиотикой, лингвистикой, философией, психологией и другими смежными науками. Учебник соответствует требованиям Федерального государственного образовательного стандарта высшего профессионального образования к учебным программам третьего поколения.
|
| 606 |
1 |
|
|a Коммуникации
|x Социология
|2 stltpush
|3 (RuTPU)RU\TPU\subj\37595
|9 58492
|
| 610 |
1 |
|
|a теория
|
| 610 |
1 |
|
|a методология
|
| 610 |
1 |
|
|a коммуникативный процесс
|
| 610 |
1 |
|
|a информация
|
| 610 |
1 |
|
|a производство
|
| 610 |
1 |
|
|a распространение
|
| 610 |
1 |
|
|a распознавание
|
| 610 |
1 |
|
|a прием
|
| 610 |
1 |
|
|a использование
|
| 610 |
1 |
|
|a вербальные коммуникации
|
| 610 |
1 |
|
|a невербальная коммуникация
|
| 610 |
1 |
|
|a аргументация
|
| 610 |
1 |
|
|a межличностные коммуникации
|
| 610 |
1 |
|
|a групповые коммуникации
|
| 610 |
1 |
|
|a массовая коммуникация
|
| 610 |
1 |
|
|a учебники
|
| 686 |
|
|
|a С55.57я73
|v LBC/SL-A
|2 rubbk
|
| 700 |
|
1 |
|a Коноваленко
|b М. Ю.
|g Марина Юрьевна
|
| 701 |
|
1 |
|a Коноваленко
|b В. А.
|g Валерий Адольфович
|
| 712 |
0 |
2 |
|a Российский государственный торгово-экономический университет (РГТЭУ)
|c (Москва)
|2 stltpush
|3 (RuTPU)RU\TPU\col\5401
|
| 801 |
|
1 |
|a RU
|b 63413507
|c 20120311
|
| 801 |
|
2 |
|a RU
|b 63413507
|c 20140602
|g RCR
|
| 900 |
|
|
|a Коммуникационный менеджмент
|
| 900 |
|
|
|a Коммуникация и ее разновидности
|
| 900 |
|
|
|a Теория коммуникации
|
| 942 |
|
|
|c BK
|
| 952 |
|
|
|l 8
|
| 959 |
|
|
|a 40/20120310
|d 2
|e 269,00
|f ЧЗГЛ:1
|f АНЛ:1
|